1M villes par proximité - États-Unis - Statistiques

Statistiques générales
  • Ce quiz a été pris 1 339 fois
  • Le résultat moyen est 38 sur 53
Réponses sur la Carte
Les réponses sont colorées sur une échelle allant du rouge au vert en fonction du pourcentage des utilisateurs qui les ont devinées à leur premier essai. Vous pouvez retrouver ces pourcentages ci-dessous.
 
Statistiques - réponses
mil ville % Correct
2.15 Las Vegas
92%
17.7 Los Angeles
92%
1.21 Stockton
92%
2.03 Sacramento
90%
7.70 San Francisco
90%
4.40 Phénix
84%
3.08 Cleveland
83%
2.08 Pittsburgh
83%
3.30 San Diego
83%
1.35 Buffalo
82%
1.32 Harrisburg
82%
8.40 Washington
82%
1.79 Austin
81%
7.55 Boston
81%
6.75 Dallas
81%
1.69 Hartford
81%
6.35 Houston
81%
22.2 New York
81%
1.11 Oklahoma City
81%
7.35 Philadelphie
81%
2.08 San Antonio
81%
1.54 Raleigh
80%
1.04 Richmond
79%
1.61 Virginia Beach
79%
2.33 Portland
75%
4.18 Seattle
75%
2.75 Cincinnati
74%
1.68 Columbus
74%
1.36 Jacksonville
74%
3.18 Orlando
74%
4.15 Tampa
74%
1.01 Cape Coral
71%
1.13 Melbourne
71%
6.20 Miami
71%
5.70 Détroit
70%
1.94 Indianapolis
70%
1.04 Louisville
70%
9.80 Chicago
68%
1.55 Milwaukee
67%
1.39 Nashville
67%
1.94 Kansas City
66%
3.08 Minneapolis
65%
2.38 Saint-Louis
65%
1.15 Memphis
63%
1.01 Nouvelle-Orléans
56%
1.27 McAllen
55%
2.33 Salt Lake City
55%
1.10 Greensboro
53%
2.33 Charlotte
52%
5.60 Atlanta
49%
3.60 Denver
48%
1.01 Honolulu
29%
1.02 El Paso
18%
Aucun quiz correspondant
Distribution des résultats
% des personnes avec chaque résultat
Percentile par nombre de réponses
Votre historique - résultats
Vous n’avez pas pris ce quiz